Antique bottles in colour. (Record no. 40733)
[ view plain ]
| 000 -CABECERA | |
|---|---|
| campo de control de longitud fija | 00283nam a2200109 a 4500 |
| 005 - FECHA Y HORA DE LA ÚLTIMA TRANSACCIÓN | |
| campo de control | 20201002034726.0 |
| 008 - DATOS DE LONGITUD FIJA--INFORMACIÓN GENERAL | |
| campo de control de longitud fija | 130927s1976 000 spa d |
| 040 ## - FUENTE DE LA CATALOGACIÓN | |
| Centro catalogador/agencia de origen | DO-SdBNP |
| 100 ## - ENTRADA PRINCIPAL--NOMBRE DE PERSONA | |
| Nombre de persona | Fletcher, Edward |
| 9 (RLIN) | 67829 |
| 245 #0 - MENCIÓN DE TÍTULO | |
| Título | Antique bottles in colour. |
| 260 ## - PUBLICACIÓN, DISTRIBUCIÓN, ETC. | |
| Lugar de publicación, distribución, etc. | s. l., |
| Fecha de publicación, distribución, etc. | 1976-- 166 p. |
No items available.
